<?xml version="1.0" encoding="UTF-8"?>
<record
    xmlns:xsi="http://www.w3.org/2001/XMLSchema-instance"
    xsi:schemaLocation="http://www.loc.gov/MARC21/slim http://www.loc.gov/standards/marcxml/schema/MARC21slim.xsd"
    xmlns="http://www.loc.gov/MARC21/slim">

  <leader>02295nam a22003857a 4500</leader>
  <controlfield tag="003">BO-EaUP</controlfield>
  <controlfield tag="005">20260508113217.0</controlfield>
  <controlfield tag="008">260508b2022    ck a||||r|||| 00| 0 spa d</controlfield>
  <datafield tag="020" ind1=" " ind2=" ">
    <subfield code="a">978-958-503-232-3</subfield>
  </datafield>
  <datafield tag="040" ind1=" " ind2=" ">
    <subfield code="a">BO-EaUP</subfield>
    <subfield code="b">spa</subfield>
    <subfield code="c">Biblioteca admiempresas</subfield>
    <subfield code="e">RDA</subfield>
  </datafield>
  <datafield tag="041" ind1=" " ind2=" ">
    <subfield code="a">spa</subfield>
    <subfield code="h">spa</subfield>
  </datafield>
  <datafield tag="082" ind1=" " ind2=" ">
    <subfield code="2">21</subfield>
    <subfield code="a">336.2</subfield>
  </datafield>
  <datafield tag="092" ind1=" " ind2=" ">
    <subfield code="a">336.2</subfield>
    <subfield code="S">D885f</subfield>
  </datafield>
  <datafield tag="100" ind1=" " ind2=" ">
    <subfield code="a">Godoy Ram&#xED;rez, Eduardo</subfield>
    <subfield code="e">Autor</subfield>
    <subfield code="9">67</subfield>
  </datafield>
  <datafield tag="245" ind1=" " ind2=" ">
    <subfield code="a">Gu&#xED;a de impuestos ordinarios de las empresas /</subfield>
    <subfield code="c">Eduardo Godoy R. </subfield>
  </datafield>
  <datafield tag="250" ind1=" " ind2=" ">
    <subfield code="a">Primera edici&#xF3;n</subfield>
  </datafield>
  <datafield tag="260" ind1=" " ind2=" ">
    <subfield code="a">Bogot&#xE1; :</subfield>
    <subfield code="b">Ecoe Ediciones, </subfield>
    <subfield code="c">2022</subfield>
  </datafield>
  <datafield tag="300" ind1=" " ind2=" ">
    <subfield code="a">xvi, 261 p&#xE1;ginas ;</subfield>
    <subfield code="b">ilustraciones (blanco y negro), figuras, tablas ; Tapa blanda ;</subfield>
    <subfield code="c">17 x 24 cent&#xED;metros ; </subfield>
    <subfield code="g">Tama&#xF1;o mediano</subfield>
  </datafield>
  <datafield tag="336" ind1=" " ind2=" ">
    <subfield code="2">rdacontent</subfield>
    <subfield code="a">texto</subfield>
    <subfield code="b">txt</subfield>
  </datafield>
  <datafield tag="337" ind1=" " ind2=" ">
    <subfield code="2">rdamedia</subfield>
    <subfield code="a">no mediado</subfield>
    <subfield code="b">n</subfield>
  </datafield>
  <datafield tag="338" ind1=" " ind2=" ">
    <subfield code="2">rdacarrier</subfield>
    <subfield code="a">volumen</subfield>
    <subfield code="b">nc</subfield>
  </datafield>
  <datafield tag="505" ind1="2" ind2=" ">
    <subfield code="a">Cap&#xED;tulo 1. Impuestos.- Origen.- Clasificaci&#xF3;n de los impuestos.- Devengo entre reg&#xED;menes.-</subfield>
  </datafield>
  <datafield tag="505" ind1="2" ind2=" ">
    <subfield code="a">Cap&#xED;tulo 2. Impuestos sobre las ventas-IVA (F.300).- Impuestos en cascada.- Causaci&#xF3;n o devengo.- </subfield>
  </datafield>
  <datafield tag="505" ind1="2" ind2=" ">
    <subfield code="a">Cap&#xED;tulo  3. Retenci&#xF3;n en la fuente F.350.- Obligaciones del agente de retenci&#xF3;n.- </subfield>
  </datafield>
  <datafield tag="505" ind1="2" ind2=" ">
    <subfield code="a">Cap&#xED;tulo 4. Impuestos de industria y comercio-ICA  y retenci&#xF3;n del impuesto de industria y comercio.-  Concepto del impuesto de industria y comercio.- Sanciones para R/ICA.- </subfield>
  </datafield>
  <datafield tag="520" ind1=" " ind2=" ">
    <subfield code="a">Esta gu&#xED;a est&#xE1; enfocada en la elaboraci&#xF3;n de los formularios de los impuestos m&#xE1;s comunes en las empresas con ejemplos y aplicaciones muy sencillas, por lo cual es un material de consulta pr&#xE1;ctico para contadores p&#xFA;blicos y para el p&#xFA;blico en general que se quiera documentar sobre la aplicaci&#xF3;n de los impuestos en Colombia.</subfield>
  </datafield>
  <datafield tag="521" ind1=" " ind2=" ">
    <subfield code="a">Dirigido a estudiantes de diferentes niveles de formaci&#xF3;n (t&#xE9;cnico, tecnol&#xF3;gico, pregrado, etc.) y profesionales de Contabilidad, Econom&#xED;a, Ingenier&#xED;a Industrial, Administraci&#xF3;n de Empresas, ya que abarca temas fundamentales en su carrera.</subfield>
  </datafield>
  <datafield tag="650" ind1=" " ind2=" ">
    <subfield code="a">FINANZAS EMPRESARIALES</subfield>
    <subfield code="9">1826</subfield>
  </datafield>
  <datafield tag="650" ind1=" " ind2=" ">
    <subfield code="a">COMPA&#xD1;IAS</subfield>
    <subfield code="v">impuestos</subfield>
    <subfield code="z">Colombia</subfield>
    <subfield code="9">6225</subfield>
  </datafield>
  <datafield tag="650" ind1=" " ind2=" ">
    <subfield code="a">EMPRESAS</subfield>
    <subfield code="v">impuestos</subfield>
    <subfield code="z">Colombia</subfield>
    <subfield code="9">6226</subfield>
  </datafield>
  <datafield tag="653" ind1=" " ind2=" ">
    <subfield code="a">ESTADOS FINANCIEROS</subfield>
  </datafield>
  <datafield tag="653" ind1=" " ind2=" ">
    <subfield code="a">REG&#xCD;MENES TRIBUTARIOS</subfield>
  </datafield>
  <datafield tag="856" ind1=" " ind2=" ">
    <subfield code="u">https://www.ecoeediciones.com/wp-content/uploads/2022/02/9789585032330.pdf</subfield>
  </datafield>
  <datafield tag="942" ind1=" " ind2=" ">
    <subfield code="2">ddc</subfield>
    <subfield code="c">BK</subfield>
    <subfield code="n">0</subfield>
    <subfield code="e">21</subfield>
  </datafield>
  <datafield tag="999" ind1=" " ind2=" ">
    <subfield code="c">5522</subfield>
    <subfield code="d">5522</subfield>
  </datafield>
  <datafield tag="952" ind1=" " ind2=" ">
    <subfield code="0">0</subfield>
    <subfield code="1">0</subfield>
    <subfield code="2">ddc</subfield>
    <subfield code="4">0</subfield>
    <subfield code="7">0</subfield>
    <subfield code="8">FEM</subfield>
    <subfield code="a">BEAE</subfield>
    <subfield code="b">BEAE</subfield>
    <subfield code="c">AF</subfield>
    <subfield code="d">2026-05-08</subfield>
    <subfield code="e">Compra</subfield>
    <subfield code="i">HBAEOA06-0600</subfield>
    <subfield code="l">0</subfield>
    <subfield code="o">336.2/G589g</subfield>
    <subfield code="p">336.2/G589g</subfield>
    <subfield code="r">2026-05-08 11:17:40</subfield>
    <subfield code="t">1</subfield>
    <subfield code="w">2026-05-08</subfield>
    <subfield code="y">BK</subfield>
  </datafield>
</record>
